<?xml version="1.0" encoding="UTF-8"?><?xml-stylesheet type="text/xsl" href="static/style.xsl"?><OAI-PMH xmlns="http://www.openarchives.org/OAI/2.0/" xmlns:xsi="http://www.w3.org/2001/XMLSchema-instance" xsi:schemaLocation="http://www.openarchives.org/OAI/2.0/ http://www.openarchives.org/OAI/2.0/OAI-PMH.xsd"><responseDate>2026-04-13T03:09:26Z</responseDate><request verb="GetRecord" identifier="oai:www.recercat.cat:2445/121256" metadataPrefix="marc">https://recercat.cat/oai/request</request><GetRecord><record><header><identifier>oai:recercat.cat:2445/121256</identifier><datestamp>2025-12-05T05:50:02Z</datestamp><setSpec>com_2072_1057</setSpec><setSpec>col_2072_478808</setSpec><setSpec>col_2072_478917</setSpec></header><metadata><record xmlns="http://www.loc.gov/MARC21/slim" xmlns:dcterms="http://purl.org/dc/terms/" xmlns:xsi="http://www.w3.org/2001/XMLSchema-instance" xmlns:doc="http://www.lyncode.com/xoai" xsi:schemaLocation="http://www.loc.gov/MARC21/slim http://www.loc.gov/standards/marcxml/schema/MARC21slim.xsd">
   <leader>00925njm 22002777a 4500</leader>
   <datafield ind2=" " ind1=" " tag="042">
      <subfield code="a">dc</subfield>
   </datafield>
   <datafield ind2=" " ind1=" " tag="720">
      <subfield code="a">Belles Sampera, Jaume</subfield>
      <subfield code="e">author</subfield>
   </datafield>
   <datafield ind2=" " ind1=" " tag="720">
      <subfield code="a">Santolino, Miguel</subfield>
      <subfield code="e">author</subfield>
   </datafield>
   <datafield ind2=" " ind1=" " tag="720">
      <subfield code="a">Rubio-Pallarés, Antonio</subfield>
      <subfield code="e">author</subfield>
   </datafield>
   <datafield ind2=" " ind1=" " tag="260">
      <subfield code="c">2018-04-04T11:51:08Z</subfield>
   </datafield>
   <datafield ind2=" " ind1=" " tag="260">
      <subfield code="c">2018-04-04T11:51:08Z</subfield>
   </datafield>
   <datafield ind2=" " ind1=" " tag="260">
      <subfield code="c">2017</subfield>
   </datafield>
   <datafield ind2=" " ind1=" " tag="260">
      <subfield code="c">2018-04-04T11:51:08Z</subfield>
   </datafield>
   <datafield ind2=" " ind1=" " tag="520">
      <subfield code="a">Tal y como EIOPA indica en la Directriz 51 de BoS-14/253 (Directrices sobre el sistema de gobernanza), la función actuarial de una empresa que utiliza un modelo interno debe prestar especial atención al análisis de las dependencias entre riesgos del modelo. Un paso previo al modelo interno consiste en entender las hipótesis que subyacen en la matriz de dependencias que se utiliza en la fórmula estándar de Solvencia II y las implicaciones si se consideran estructuras de dependencia alternativas. Este trabajo se centra en el caso particular relacionado con el riesgo de longevidad. Mediante un enfoque práctico se analiza el modelo de riesgo de longevidad de acuerdo a EIOPA-14-322 para una cartera de productos de vida (las hipótesis de la fórmula estándar en el cálculo del SCR) y el impacto sobre el valor del SCR de considerar estructuras de dependencias diferentes entre riesgos. Este ejemplo ilustrativo debe servir de base para poder considerar modelos del riesgo de longevidad más complejos. En la aplicación mostramos que los cálculos se pueden realizar en una hoja de cálculo Excel con el objetivo de facilitar su uso entre los profesionales.</subfield>
   </datafield>
   <datafield tag="653" ind2=" " ind1=" ">
      <subfield code="a">Risc (Assegurances)</subfield>
   </datafield>
   <datafield tag="653" ind2=" " ind1=" ">
      <subfield code="a">Longevitat</subfield>
   </datafield>
   <datafield tag="653" ind2=" " ind1=" ">
      <subfield code="a">Avaluació del risc</subfield>
   </datafield>
   <datafield tag="653" ind2=" " ind1=" ">
      <subfield code="a">Risk (Insurance)</subfield>
   </datafield>
   <datafield tag="653" ind2=" " ind1=" ">
      <subfield code="a">Longevity</subfield>
   </datafield>
   <datafield tag="653" ind2=" " ind1=" ">
      <subfield code="a">Risk assessment</subfield>
   </datafield>
   <datafield ind2="0" ind1="0" tag="245">
      <subfield code="a">Estructura de dependencia entre el riesgo de longevidad y de mortalidad y su impacto en el capital requerido de solvencia (SCR)</subfield>
   </datafield>
</record></metadata></record></GetRecord></OAI-PMH>